000 00313nam a22001337a 4500
008 181012b xxu||||| |||| 00| 0 eng d
020 _a1883097002
041 _aeng
080 _a574
100 _a9
101 _aMJE
245 _a50 Ways Farmers can protect their Groundwater
_cHirschi, M.C
942 _2udc
_cBK
999 _c49491
_d49491